Regierungsbezirke NRW - Statistiken

Allgemein
  • Dieses Quiz wurde 85 mal gespielt
  • Das Durchschnittsergebnis liegt bei 4 aus 5
Antwortstatistiken
Regierungsbezirke % Korrekt
Düsseldorf
96%
Köln
96%
Münster
88%
Arnsberg
71%
Detmold
50%
Keine übereinstimmenden Quizze gefunden
Verteilung der Resultate
Anzahl Personen mit jedem Resultat
Perzentil nach korrekt beantworteten Fragen
Ihre Resultats-Entwicklung
Sie haben dieses Quiz noch nicht gespielt